Piłkarze Bruk-Bet Termalici Nieciecza - nagła śmierć - Statystyki

Ogólne statystyki
  • Ten quiz został rozwiązany 25 razy
    22 od ostatniego zresetowania
  • Średni wynik to 6 z 20
Answers on the Grid
Answers color-coded by a green-red scale on the quiz's grid according to % correct below.
Jakub Łabojko
Andrej Kadlec
Michał Chrapek
Rafał Grzelak
Krzysztof Drzazga
Piotr Ceglarz
Filip Modelski
Dariusz Trela
Wiktor Biedrzycki
Igor Drapiński
Przemysław Banaszak
Mateusz Hołownia
Michał Nalepa
Jakub Moder
Dawid Abramowicz
Michał Marcjanik
Michał Skóraś
Łukasz Sołowiej
Bartłomiej Babiarz
Mateusz Klichowicz
Marcel Wędrychowski
Rafał Figiel
Dawid Kocyła
Kacper Michalski
Daniel Szczepan
Adrián Chovan
Robert Kolendowicz
Kornel Osyra
Łukasz Budziłek
Vladislavs Gutkovskis
Daniel Stanclik
Zvonimir Kožulj
Marcin Urynowicz
Bartosz Kopacz
Matus Vojtko
Mariusz Fornalczyk
Jakub Antczak
Jacek Kiełb
Bartosz Śpiączka
Kacper Sadłocha
 
Statystyki odpowiedzi
Odpowiedź % Poprawnych
Adrián Chovan
56%
Vladislavs Gutkovskis
44%
Wiktor Biedrzycki
44%
Andrej Kadlec
38%
Bartłomiej Babiarz
31%
Bartosz Kopacz
31%
Bartosz Śpiączka
31%
Dawid Kocyła
31%
Rafał Grzelak
31%
Zvonimir Kožulj
31%
Dariusz Trela
25%
Filip Modelski
25%
Kornel Osyra
25%
Piotr Ceglarz
25%
Dawid Abramowicz
19%
Jacek Kiełb
19%
Łukasz Budziłek
19%
Mariusz Fornalczyk
19%
Michał Skóraś
13%
Michał Nalepa
0%
Nie znaleziono quizów pasujących do podanych kryteriów
Rozkład punktacji
Procent ludzi z każdym wynikiem
Percentyl według liczby udzielonych odpowiedzi
Twoja historia wyników
Nie rozwiązałeś tego quizu od ostatniego zresetowania